00562nas a2200193 4500001001000000003000400010005001700014008004100031040002500072043000900097245003500106260006200141300002400203310001400227362003400241500006100275942001500336999001700351000037303DLC20240830122510.0120322c20109999dr br1p d 0 0spa d aDO-SdBNPbspacBNPHU anwdr00aLotería :brevista cultural. aSanto Domingo :bLoteria Nacional de Beneficencia,c2010. av. :bil. ;c23 cm. aBimestral aNo. 491 (julio - agosto 2010) aCatalogación basada en : no. 491 (julio - agosto 2010) 2ddccISSUE c36793d36793